Top 50 des prénoms garçons et filles années 2010 - Statistiques

Statistiques générales
  • Ce quiz a été pris 352 fois
  • Le résultat moyen est 38 sur 100
Statistiques - réponses
Prénom % Correct
Lou
88%
Louis
79%
Léa
78%
Léo
77%
Emma
76%
Louise
65%
Marie
64%
Lucas
62%
Paul
62%
Anna
61%
Camille
59%
Chloé
57%
Jade
57%
Théo
57%
Noa
55%
Manon
54%
Gabriel
53%
Jules
52%
Sarah
51%
Mael
50%
Alice
49%
Thomas
49%
Zoé
49%
Eva
48%
Juliette
48%
Lisa
48%
Lola
48%
Mathis
48%
Romane
48%
Clara
47%
Inès
47%
Noé
47%
Tom
47%
Hugo
46%
Lina
46%
Raphaël
46%
Enzo
44%
Léna
44%
Lucie
44%
Mathéo
44%
Julia
43%
Nathan
43%
Arthur
42%
Antoine
41%
Lilou
41%
Rose
41%
Clément
40%
Jeanne
40%
Victor
40%
Alexandre
39%
Maxime
39%
Ambre
38%
Valentin
38%
Noah
37%
Charlotte
36%
Ethan
35%
Mathilde
35%
Anais
34%
Axel
34%
Sacha
33%
Clémence
31%
Louna
30%
Nina
30%
Simon
30%
Baptiste
29%
Louane
29%
Margot
29%
Margaux
28%
Alexis
27%
Alicia
27%
Lily
27%
Martin
27%
Agathe
26%
Gabin
26%
Yanis
26%
Mia
25%
Luna
24%
Maxence
24%
Mila
24%
Mohamed
24%
Timéo
24%
Adam
23%
Olivia
23%
Lana
22%
Liam
22%
Maelys
22%
Nolan
21%
Samuel
21%
Elsa
20%
Sofia
20%
Evan
17%
Léonie
17%
Robin
17%
Lenny
15%
Rayan
14%
Marius
10%
Eden
9%
Aaron
8%
Tiago
7%
Inaya
6%
Aucun quiz correspondant
Distribution des résultats
% des personnes avec chaque résultat
Percentile par nombre de réponses
Votre historique - résultats
Vous n’avez pas pris ce quiz